| 000 | 01213nam0a22003131 4500 | ||
|---|---|---|---|
| 001 | v19\rc\1718503 | ||
| 005 | 20260406014012.0 | ||
| 035 | _a(NLR Aleph) 004816716 | ||
| 090 |
_a4979794 _c4979794 |
||
| 100 | _a20061002d1900 |||y0rusy50 ca | ||
| 101 | 0 | _arus | |
| 102 | _aRU | ||
| 105 | _ac z ||||| | ||
| 200 | 1 |
_aНиколай Иванович Ильминский и его система инородческого образования в Казанском крае _f[Соч.] А. Рождествина |
|
| 210 |
_aКазань _cтипо-лит. Ун-та _d1900 |
||
| 215 |
_a85 с., 1 л. фронт. (портр.) _d25 |
||
| 700 | 1 |
_8rus _7ca _aРождествин _bА. С. _f1862- _gАлександр Сергеевич _3RU\NLR\AUTH\77119511 _9102436 |
|
| 702 | 1 |
_4660 _7ca _8rus _aИльминский _bН. И. _f1822-1892 _gНиколай Иванович _9146400 _3RU\NLR\AUTH\770146436 |
|
| 801 | 0 |
_aRU _bNLR _gpsbo |
|
| 801 | 0 |
_aRU _bRuMoRGB _2psbo |
|
| 801 | 1 |
_aRU _bProSoft-M _2rusmarc |
|
| 801 | 2 |
_aRU _bNLR _c20131107 _2rusmarc |
|
| 852 |
_aNLR _j20.58.3.339 |
||
| 899 |
_aRuMoRGB _jA 260/369 |
||
| 899 |
_aRuMoRGB _jU 383/181 |
||
| 899 | _aГПИБ | ||
| 899 | _aБАН | ||
| 942 | _cBOOK | ||
| 980 | _aNB | ||